00878nab a2200205uuc4500001000800000005001700008008004100025035001200066035002100078040001300099041000800112100003000120245019900150650006900349650002800418650003000446650001500476650003500491773014600526126869420240821100508.0120116e20090701 spa  a1268694 a(OCoLC)820622820 ccomduadb aspa10aCaponi, Gustavo4auteaut10aDefinitivamente no estaba ahí. La ausencia de la teoría de la selección natural en Sobre la tendencia de la variedades a apartase indefinidamente del tipo original de Alfred Russel Wallace aDarwin, Charles Robert, 1809-1882 - Crítica e interpretación aWallace, Alfred Russell 7aSelección natural2lemb aVariedades 7aEvolución (Biología)2lemb0 tLudus Vitalis : Revista de Filosofía de las Ciencias de la Vida (México)gVol. 17, No. 32, Jul. 2009, p. 55-73w778980x1133-51650265373